TV Show by Poster Quiz Stats

Quiz Updated Jul 1, 2015

Also try: Movie Posters
Challenge
Share
Tweet
Score 0/20 Timer 07:00
0 Plays Today
% Correct
Star Trek
99.1%
The Simpsons
99%
Friends
98.4%
The Big Bang Theory
95.9%
House M.D.
95.2%
Breaking Bad
92.4%
Seinfeld
91.1%
Futurama
89.1%
Dexter
88.1%
Downton Abbey
85.6%
% Correct
The Brady Bunch
85.1%
The A-Team
84.9%
Doctor Who
83.8%
Happy Days
79.4%
The Sopranos
70.5%
The X-Files
68.3%
CSI: Crime Scene Investigation
57.6%
Bonanza
46.6%
Absolutely Fabulous
34.1%
Monty Python's Flying Circus
32.5%

You're not logged in!

Compare scores with friends on all Sporcle quizzes.
Sign Up with Email
OR
Log In

You Might Also Like...

Show Comments

Extras

Top Quizzes Today


Score Distribution

Your Account Isn't Verified!

In order to create a playlist on Sporcle, you need to verify the email address you used during registration. Go to your Sporcle Settings to finish the process.